[Event "Skilling Open CCT KO 2021"]
[Site "Online"]
[Date "2020.11.25"]
[Round "1.6"]
[White "Carlsen, Magnus"]
[Black "Giri, Anish"]
[Result "1/2-1/2"]
[WhiteElo "2881"]
[BlackElo "2731"]
[Annotator "TA"]
[PlyCount "112"]
[EventDate "2020.11.20"]
[EventType "k.o."]
[EventCountry "NET"]
[SourceTitle "playchess.com"]
[Source "ChessBase"]
[SourceQuality "1"]

{[%evp 9,112,15,15,12,18,3,27,8,7,6,15,0,24,-8,15,3,13,0,12,19,17,20,29,24,46,
46,43,46,68,65,56,54,59,68,72,64,85,83,82,82,91,83,100,45,88,88,88,88,88,72,98,
88,88,88,88,88,88,88,88,88,88,81,96,81,81,81,81,81,74,74,177,167,175,162,123,
126,159,101,99,0,0,0,0,0,0,0,0,0,0,0,0,0,0,0,0,0,0,0,0,0,0,0,0,0,0]} 1. d4 Nf6
2. c4 g6 3. g3 c6 4. Bg2 d5 5. e3 Bg7 6. Ne2 {D71: Fianchetto Grünfeld: 3 g3
d5 sidelines and 5 cxd5 (without Nf3).} O-O 7. O-O Re8 8. Nd2 {White has an
edge.} Bf5 {[#]} 9. b3 $146 ({Predecessor:} 9. Re1 Nbd7 10. Qb3 e5 11. cxd5
cxd5 12. dxe5 Nxe5 13. Nd4 Qd7 14. Qb5 Rac8 15. Qxd7 Bxd7 {1/2-1/2 (55)
Grandelius,N (2649)-Vachier Lagrave,M (2788) Stavanger 2016}) 9... Nbd7 10. Bb2
h5 11. Nf4 {[%cal Rc4d5]} e6 12. h3 a5 13. a4 Qb6 14. Rc1 Rad8 15. Qe2 Bf8 16.
Rfd1 Bb4 17. c5 Qc7 18. Nf3 Be4 19. Ne5 Bxg2 20. Kxg2 Nxe5 21. dxe5 Nd7 22. Nd3
b6 {[%cal Rd7c5]} 23. Nxb4 axb4 24. cxb6 Qxb6 25. e4 Qb7 26. Qf3 (26. exd5 $16
cxd5 27. Bd4) 26... Nb6 27. exd5 Rxd5 28. Rxd5 Nxd5 29. Bd4 Kg7 30. h4 Qc7 31.
Rc4 Kg8 32. Qe4 Qb7 33. Bc5 Kg7 34. Bd6 Rc8 35. Kg1 Rh8 36. Qd4 Rc8 37. Rc5 Qa6
38. Qc4 Qa8 39. Kf1 Qb7 {[#]} (39... Kh7 $16 {might work better.}) 40. Ra5 $1
$18 c5 41. Rxc5 Nc3 {[%cal Rb7h1]} 42. Kg1 Rxc5 43. Bxc5 ({White should play} 
43. Qxc5 {Strongly threatening Bf8+.} Qf3 44. Bf8+ Kg8 45. Bh6) 43... Qf3 $16
44. a5 ({But not} 44. Bxb4 $6 Ne2+ 45. Kf1 Nxg3+ 46. Ke1 Ne4 $11) (44. Qxb4 $16
{And now a5 would win.} g5 45. hxg5) 44... Ne4 $11 {The position is equal.} 45.
a6 Nxc5 46. Qxc5 Qxb3 {[%mdl 4096] Endgame KQ-KQ} 47. a7 Qb1+ 48. Kh2 Qa2 49.
g4 hxg4 {...b3 is the strong threat.} 50. h5 gxh5 51. Qe3 {[#] Black must now
prevent Qg5+.} Qa5 52. Qg5+ Kf8 53. Qh6+ Kg8 54. Qg5+ Kf8 55. Qh6+ Kg8 56. Qg5+
Kf8 {Weighted Error Value: White=0.06/Black=0.07} 1/2-1/2

[Event "Skilling Open CCT KO 2021"]
[Site "Online"]
[Date "2020.11.25"]
[Round "1.8"]
[White "Carlsen, Magnus"]
[Black "Giri, Anish"]
[Result "1/2-1/2"]
[WhiteElo "2881"]
[BlackElo "2731"]
[Annotator "RC"]
[PlyCount "99"]
[EventDate "2020.11.20"]
[EventType "k.o."]
[EventCountry "NET"]
[SourceTitle "playchess.com"]
[Source "ChessBase"]
[SourceQuality "1"]
[TimeControl "900+10"]

1. e4 {[%emt 0:00:00]} c5 {[%emt 0:00:00]} 2. c3 {[%emt 0:00:00]} d5 {[%emt 0:
00:21]} 3. exd5 {[%emt 0:00:00]} Qxd5 {[%emt 0:00:00]} 4. d4 {[%emt 0:00:00]}
g6 {[%emt 0:00:02]} 5. Nf3 {[%emt 0:01:34]} Bg7 {[%emt 0:00:02]} 6. Na3 {
[%emt 0:00:37]} cxd4 {[%emt 0:00:06]} 7. Nb5 {[%emt 0:00:02]} Na6 {[%emt 0:01:
04]} 8. Be3 {[%emt 0:02:26]} Nf6 {[%emt 0:00:10]} 9. Bxd4 {[%emt 0:00:05]} O-O
{[%emt 0:01:09]} 10. Be2 {[%emt 0:00:06]} Bg4 {[%emt 0:00:06]} 11. a4 {[%emt 0:
00:34]} e5 {[%emt 0:00:38]} 12. Bxa7 {[%emt 0:01:32]} e4 {[%emt 0:00:55]} 13.
Qxd5 {[%emt 0:01:18]} Nxd5 {[%emt 0:00:02]} 14. Nfd4 {[%emt 0:00:09]} Bd7 {
[%emt 0:00:01]} 15. Bc4 {[%emt 0:01:11]} Nf4 {[%emt 0:02:20]} 16. g3 {[%emt 0:
00:02]} Rfc8 {[%emt 0:00:22]} 17. Bxf7+ {[%emt 0:00:24]} Kxf7 {[%emt 0:00:05]}
18. gxf4 {[%emt 0:00:04]} Kg8 {[%emt 0:02:19]} 19. Nb3 {[%emt 0:02:22]} Nc7 {
[%emt 0:03:07]} 20. O-O {[%emt 0:01:40]} Nxb5 {[%emt 0:00:28]} 21. axb5 {
[%emt 0:00:00]} Bxb5 {[%emt 0:00:05]} 22. Rfe1 {[%emt 0:00:01]} Bd3 {[%emt 0:
01:28]} 23. Bd4 {[%emt 0:00:32]} Bh6 {[%emt 0:00:11]} 24. Rxa8 {[%emt 0:00:39]}
Rxa8 {[%emt 0:00:01]} 25. Be5 {[%emt 0:00:15]} Ra2 {[%emt 0:00:14]} 26. Nc5 {
[%emt 0:00:07]} Rxb2 {[%emt 0:00:11]} 27. Nxe4 {[%emt 0:00:02]} Kf7 {[%emt 0:
00:47]} 28. c4 {[%emt 0:00:49]} Re2 {[%emt 0:00:39]} 29. Nd6+ {[%emt 0:00:03]}
Ke6 {[%emt 0:00:01]} 30. Rxe2 {[%emt 0:00:00]} Bxe2 {[%emt 0:00:01]} 31. Nxb7 {
[%emt 0:00:07]} Bxc4 {[%emt 0:00:00]} 32. Nc5+ {[%emt 0:00:03]} Kf5 {[%emt 0:
00:36]} 33. f3 {[%emt 0:00:33]} Bxf4 {[%emt 0:00:53]} 34. Bxf4 {[%emt 0:00:00]}
Kxf4 {[%emt 0:00:00]} 35. Kf2 {[%emt 0:00:05]} h6 {[%emt 0:00:16]} 36. h4 {
[%emt 0:00:41]} Bb5 {[%emt 0:00:22]} 37. Ne6+ {[%emt 0:00:03]} Ke5 {[%emt 0:00:
03]} 38. Nc5 {[%emt 0:00:01]} Kd4 {[%emt 0:00:11]} 39. Ne6+ {[%emt 0:00:05]}
Ke5 {[%emt 0:00:01]} 40. Nc5 {[%emt 0:00:00]} Kd5 {[%emt 0:00:05]} 41. Ne4 {
[%emt 0:00:05]} Ke5 {[%emt 0:00:42]} 42. Kg3 {[%emt 0:00:01]} Bd7 {[%emt 0:00:
07]} 43. Nf2 {[%emt 0:00:04]} Bf5 {[%emt 0:00:00]} 44. Nd1 {[%emt 0:00:10]} Be6
{[%emt 0:00:17]} 45. Ne3 {[%emt 0:00:02]} Bf5 {[%emt 0:00:02]} 46. h5 {[%emt 0:
00:15]} gxh5 {[%emt 0:00:03]} 47. Nxf5 {[%emt 0:00:02]} Kxf5 {[%emt 0:00:00]}
48. Kh4 {[%emt 0:00:00]} Kf4 {[%emt 0:00:01]} 49. Kxh5 {[%emt 0:00:00]} Kxf3 {
[%emt 0:00:00]} 50. Kxh6 {[%emt 0:00:00]} 1/2-1/2

[Event "Skilling Open CCT KO 2021"]
[Site "Online"]
[Date "2020.11.25"]
[Round "1.9"]
[White "Aronian, Levon"]
[Black "Nepomniachtchi, Ian"]
[Result "0-1"]
[WhiteElo "2778"]
[BlackElo "2778"]
[Annotator "RC"]
[PlyCount "82"]
[EventDate "2020.11.20"]
[EventType "k.o."]
[EventCountry "NET"]
[SourceTitle "playchess.com"]
[Source "ChessBase"]
[SourceQuality "1"]
[TimeControl "300+3"]

1. c4 {[%emt 0:00:00]} c5 {[%emt 0:00:00]} 2. Nc3 {[%emt 0:00:00]} Nf6 {
[%emt 0:00:00]} 3. g3 {[%emt 0:00:00]} d5 {[%emt 0:00:00]} 4. cxd5 {[%emt 0:00:
01]} Nxd5 {[%emt 0:00:00]} 5. Bg2 {[%emt 0:00:01]} Nc7 {[%emt 0:00:00]} 6. d3 {
[%emt 0:00:01]} e5 {[%emt 0:00:00]} 7. Be3 {[%emt 0:00:00]} Be7 {[%emt 0:00:01]
} 8. Rc1 {[%emt 0:00:02]} Ne6 {[%emt 0:00:00]} 9. Nf3 {[%emt 0:00:04]} Nc6 {
[%emt 0:00:04]} 10. O-O {[%emt 0:00:01]} O-O {[%emt 0:00:02]} 11. a3 {[%emt 0:
00:01]} Bd7 {[%emt 0:00:08]} 12. Nd5 {[%emt 0:00:18]} b6 {[%emt 0:00:19]} 13.
b4 {[%emt 0:00:07]} Rc8 {[%emt 0:00:48]} 14. Nxe7+ {[%emt 0:00:26]} Qxe7 {
[%emt 0:00:00]} 15. bxc5 {[%emt 0:00:01]} Nxc5 {[%emt 0:00:04]} 16. Bxc5 {
[%emt 0:00:32]} bxc5 {[%emt 0:00:00]} 17. e3 {[%emt 0:00:01]} Rfd8 {[%emt 0:00:
18]} 18. Qb3 {[%emt 0:00:29]} Bf5 {[%emt 0:00:17]} 19. Rfd1 {[%emt 0:00:27]} e4
{[%emt 0:00:03]} 20. dxe4 {[%emt 0:00:08]} Rxd1+ {[%emt 0:00:03]} 21. Qxd1 {
[%emt 0:00:23]} Bxe4 {[%emt 0:00:00]} 22. Qa4 {[%emt 0:00:04]} h6 {[%emt 0:00:
24]} 23. h4 {[%emt 0:00:14]} Rb8 {[%emt 0:00:20]} 24. Nd2 {[%emt 0:01:32]} Bxg2
{[%emt 0:00:03]} 25. Kxg2 {[%emt 0:00:00]} Ne5 {[%emt 0:00:14]} 26. Qe4 {
[%emt 0:00:03]} Qd6 {[%emt 0:00:16]} 27. Nc4 {[%emt 0:00:12]} Nxc4 {[%emt 0:00:
03]} 28. Rxc4 {[%emt 0:00:01]} g6 {[%emt 0:00:46]} 29. h5 {[%emt 0:00:10]} g5 {
[%emt 0:00:02]} 30. Qf5 {[%emt 0:00:09]} Rb5 {[%emt 0:00:15]} 31. a4 {[%emt 0:
00:17]} Qc6+ {[%emt 0:00:22]} 32. e4 {[%emt 0:00:12]} Ra5 {[%emt 0:01:05]} 33.
Kh2 {[%emt 0:00:09]} Qa6 {[%emt 0:00:07]} 34. Rc3 {[%emt 0:00:13]} c4 {[%emt 0:
00:07]} 35. e5 {[%emt 0:00:15]} Rxa4 {[%emt 0:00:03]} 36. Qc8+ {[%emt 0:00:03]}
Kg7 {[%emt 0:00:04]} 37. Qd7 {[%emt 0:00:04]} Ra2 {[%emt 0:00:08]} 38. Rf3 {
[%emt 0:00:03]} Qe6 {[%emt 0:00:01]} 39. Qc7 {[%emt 0:00:01]} Qd5 {[%emt 0:00:
09]} 40. e6 {[%emt 0:00:12]} Qxf3 {[%emt 0:00:03]} 41. Qe5+ {[%emt 0:00:06]}
Qf6 {[%emt 0:00:02]} 0-1

[Event "Skilling Open CCT KO 2021"]
[Site "Online"]
[Date "2020.11.25"]
[Round "1.9"]
[White "Radjabov, Teimour"]
[Black "So, Wesley"]
[Result "1/2-1/2"]
[WhiteElo "2758"]
[BlackElo "2741"]
[Annotator "RC"]
[PlyCount "190"]
[EventDate "2020.11.20"]
[EventType "k.o."]
[EventCountry "NET"]
[SourceTitle "playchess.com"]
[Source "ChessBase"]
[SourceQuality "1"]
[TimeControl "300+3"]

1. Nf3 {[%emt 0:00:00]} d5 {[%emt 0:00:00]} 2. d4 {[%emt 0:00:00]} Nf6 {
[%emt 0:00:00]} 3. c4 {[%emt 0:00:00]} e6 {[%emt 0:00:00]} 4. Nc3 {[%emt 0:00:
01]} c5 {[%emt 0:00:00]} 5. cxd5 {[%emt 0:00:03]} cxd4 {[%emt 0:00:01]} 6. Qxd4
{[%emt 0:00:00]} exd5 {[%emt 0:00:01]} 7. Bg5 {[%emt 0:00:03]} Be7 {[%emt 0:00:
01]} 8. e3 {[%emt 0:00:00]} O-O {[%emt 0:00:01]} 9. Be2 {[%emt 0:00:05]} h6 {
[%emt 0:00:02]} 10. Bh4 {[%emt 0:00:02]} Nc6 {[%emt 0:00:01]} 11. Qd3 {[%emt 0:
00:01]} Qb6 {[%emt 0:00:05]} 12. O-O {[%emt 0:00:02]} Rd8 {[%emt 0:00:09]} 13.
Rfd1 {[%emt 0:00:03]} Be6 {[%emt 0:00:08]} 14. Qb5 {[%emt 0:00:14]} Qxb5 {
[%emt 0:00:08]} 15. Nxb5 {[%emt 0:00:04]} g5 {[%emt 0:00:01]} 16. Bg3 {[%emt 0:
00:02]} Ne4 {[%emt 0:00:01]} 17. Rac1 {[%emt 0:00:17]} Bf6 {[%emt 0:00:14]} 18.
Nfd4 {[%emt 0:00:23]} Nxd4 {[%emt 0:00:32]} 19. Nxd4 {[%emt 0:00:09]} Nxg3 {
[%emt 0:00:06]} 20. hxg3 {[%emt 0:00:01]} Rac8 {[%emt 0:00:01]} 21. Bd3 {
[%emt 0:00:21]} Rxc1 {[%emt 0:00:09]} 22. Rxc1 {[%emt 0:00:01]} Rc8 {[%emt 0:
00:01]} 23. Rd1 {[%emt 0:01:12]} Bxd4 {[%emt 0:00:05]} 24. exd4 {[%emt 0:00:01]
} Kf8 {[%emt 0:00:08]} 25. f3 {[%emt 0:00:02]} Ke7 {[%emt 0:00:02]} 26. Kf2 {
[%emt 0:00:08]} h5 {[%emt 0:00:13]} 27. Rh1 {[%emt 0:00:07]} Rh8 {[%emt 0:00:
02]} 28. Ke3 {[%emt 0:00:09]} Kf6 {[%emt 0:00:09]} 29. g4 {[%emt 0:00:17]} h4 {
[%emt 0:00:04]} 30. g3 {[%emt 0:00:08]} Re8 {[%emt 0:00:15]} 31. Kf2 {[%emt 0:
00:15]} hxg3+ {[%emt 0:00:02]} 32. Kxg3 {[%emt 0:00:00]} Rg8 {[%emt 0:00:14]}
33. Rh2 {[%emt 0:00:26]} Ke7 {[%emt 0:00:05]} 34. Rh5 {[%emt 0:00:17]} Kf6 {
[%emt 0:00:04]} 35. Rh6+ {[%emt 0:00:15]} Kg7 {[%emt 0:00:03]} 36. Rh7+ {
[%emt 0:00:19]} Kf6 {[%emt 0:00:01]} 37. Rh1 {[%emt 0:00:05]} Ke7 {[%emt 0:00:
16]} 38. Bf5 {[%emt 0:00:28]} Bxf5 {[%emt 0:00:38]} 39. gxf5 {[%emt 0:00:01]}
Rc8 {[%emt 0:00:00]} 40. Re1+ {[%emt 0:00:19]} Kf6 {[%emt 0:00:07]} 41. Re5 {
[%emt 0:00:02]} Rc2 {[%emt 0:00:02]} 42. Rxd5 {[%emt 0:00:10]} Rxb2 {[%emt 0:
00:01]} 43. a4 {[%emt 0:00:12]} a6 {[%emt 0:00:26]} 44. Kg4 {[%emt 0:00:12]}
Rg2+ {[%emt 0:00:04]} 45. Kh3 {[%emt 0:00:01]} Rb2 {[%emt 0:00:01]} 46. Kg4 {
[%emt 0:00:01]} Rg2+ {[%emt 0:00:06]} 47. Kh3 {[%emt 0:00:01]} Rg1 {[%emt 0:00:
02]} 48. Kh2 {[%emt 0:00:15]} Ra1 {[%emt 0:00:04]} 49. a5 {[%emt 0:00:07]} Rb1
{[%emt 0:00:01]} 50. Kg3 {[%emt 0:00:03]} Rb5 {[%emt 0:00:01]} 51. Rd7 {
[%emt 0:00:01]} Rxf5 {[%emt 0:00:29]} 52. d5 {[%emt 0:00:06]} Kg6 {[%emt 0:00:
20]} 53. Rxb7 {[%emt 0:00:02]} Rxd5 {[%emt 0:00:01]} 54. Rb6+ {[%emt 0:00:01]}
Kh5 {[%emt 0:00:00]} 55. Rxa6 {[%emt 0:00:01]} f5 {[%emt 0:00:01]} 56. Ra8 {
[%emt 0:00:08]} f4+ {[%emt 0:00:06]} 57. Kf2 {[%emt 0:00:01]} Rd2+ {[%emt 0:00:
03]} 58. Ke1 {[%emt 0:00:02]} Ra2 {[%emt 0:00:02]} 59. Rh8+ {[%emt 0:00:01]}
Kg6 {[%emt 0:00:02]} 60. Rg8+ {[%emt 0:00:00]} Kf5 {[%emt 0:00:09]} 61. Rf8+ {
[%emt 0:00:05]} Ke5 {[%emt 0:00:07]} 62. Re8+ {[%emt 0:00:02]} Kd4 {[%emt 0:00:
01]} 63. Re4+ {[%emt 0:00:07]} Kd5 {[%emt 0:00:12]} 64. Re2 {[%emt 0:00:04]}
Rxa5 {[%emt 0:00:06]} 65. Kf2 {[%emt 0:00:01]} Ra3 {[%emt 0:00:09]} 66. Rd2+ {
[%emt 0:00:01]} Ke5 {[%emt 0:00:03]} 67. Re2+ {[%emt 0:00:05]} Kd4 {[%emt 0:00:
12]} 68. Re4+ {[%emt 0:00:04]} Kd3 {[%emt 0:00:04]} 69. Re5 {[%emt 0:00:02]}
Ra2+ {[%emt 0:00:01]} 70. Kf1 {[%emt 0:00:01]} Rb2 {[%emt 0:00:06]} 71. Re6 {
[%emt 0:00:06]} Kd4 {[%emt 0:00:24]} 72. Re4+ {[%emt 0:00:02]} Kd5 {[%emt 0:00:
01]} 73. Re8 {[%emt 0:00:01]} Kd6 {[%emt 0:00:06]} 74. Re4 {[%emt 0:00:03]} Rb5
{[%emt 0:00:02]} 75. Kg2 {[%emt 0:00:02]} Re5 {[%emt 0:00:02]} 76. Rd4+ {
[%emt 0:00:03]} Ke6 {[%emt 0:00:01]} 77. Kf2 {[%emt 0:00:03]} Kf5 {[%emt 0:00:
01]} 78. Rd8 {[%emt 0:00:03]} Ra5 {[%emt 0:00:07]} 79. Rf8+ {[%emt 0:00:01]}
Kg6 {[%emt 0:00:01]} 80. Rg8+ {[%emt 0:00:01]} Kh7 {[%emt 0:00:00]} 81. Rd8 {
[%emt 0:00:06]} Ra2+ {[%emt 0:00:02]} 82. Kf1 {[%emt 0:00:02]} Kg6 {[%emt 0:00:
02]} 83. Rg8+ {[%emt 0:00:01]} Kh6 {[%emt 0:00:04]} 84. Rh8+ {[%emt 0:00:01]}
Kg7 {[%emt 0:00:00]} 85. Rd8 {[%emt 0:00:02]} Ra7 {[%emt 0:00:03]} 86. Kg2 {
[%emt 0:00:02]} Kg6 {[%emt 0:00:01]} 87. Rg8+ {[%emt 0:00:02]} Rg7 {[%emt 0:00:
02]} 88. Rd8 {[%emt 0:00:02]} Rh7 {[%emt 0:00:02]} 89. Rd6+ {[%emt 0:00:03]}
Kh5 {[%emt 0:00:02]} 90. Rd8 {[%emt 0:00:02]} Kh4 {[%emt 0:00:01]} 91. Rd1 {
[%emt 0:00:03]} Kh5 {[%emt 0:00:03]} 92. Rd8 {[%emt 0:00:07]} g4 {[%emt 0:00:
03]} 93. fxg4+ {[%emt 0:00:04]} Kxg4 {[%emt 0:00:00]} 94. Rg8+ {[%emt 0:00:02]}
Kf5 {[%emt 0:00:02]} 95. Rf8+ {[%emt 0:00:07]} Kg5 {[%emt 0:00:02]} 1/2-1/2

[Event "Skilling Open CCT KO 2021"]
[Site "Online"]
[Date "2020.11.25"]
[Round "1.10"]
[White "Nakamura, Hikaru"]
[Black "Vachier-Lagrave, Maxime"]
[Result "1-0"]
[WhiteElo "2829"]
[BlackElo "2860"]
[Annotator "RC"]
[PlyCount "107"]
[EventDate "2020.11.20"]
[EventType "k.o."]
[EventCountry "NET"]
[SourceTitle "playchess.com"]
[Source "ChessBase"]
[SourceQuality "1"]
[TimeControl "300+3"]

1. d4 {[%emt 0:00:00]} Nf6 {[%emt 0:00:00]} 2. Bg5 {[%emt 0:00:00]} d5 {
[%emt 0:00:00]} 3. e3 {[%emt 0:00:00]} c5 {[%emt 0:00:00]} 4. c3 {[%emt 0:00:
00]} Qb6 {[%emt 0:00:07]} 5. Qc1 {[%emt 0:00:20]} Bf5 {[%emt 0:00:08]} 6. Nd2 {
[%emt 0:00:08]} Nbd7 {[%emt 0:00:04]} 7. Ngf3 {[%emt 0:00:00]} e6 {[%emt 0:00:
01]} 8. Nh4 {[%emt 0:00:02]} Be4 {[%emt 0:00:04]} 9. a4 {[%emt 0:00:16]} a6 {
[%emt 0:00:08]} 10. Be2 {[%emt 0:00:46]} h6 {[%emt 0:00:08]} 11. Bxf6 {[%emt 0:
00:01]} Nxf6 {[%emt 0:00:00]} 12. Nxe4 {[%emt 0:00:00]} dxe4 {[%emt 0:00:19]}
13. g3 {[%emt 0:00:02]} Be7 {[%emt 0:00:02]} 14. O-O {[%emt 0:00:01]} O-O {
[%emt 0:00:02]} 15. Qc2 {[%emt 0:00:05]} Rac8 {[%emt 0:00:02]} 16. Rfd1 {
[%emt 0:00:01]} Rfd8 {[%emt 0:00:10]} 17. Rac1 {[%emt 0:00:01]} cxd4 {[%emt 0:
00:19]} 18. exd4 {[%emt 0:00:01]} Nd5 {[%emt 0:00:01]} 19. Ng2 {[%emt 0:00:12]}
f5 {[%emt 0:00:07]} 20. Qb1 {[%emt 0:00:06]} Bg5 {[%emt 0:00:05]} 21. Rc2 {
[%emt 0:00:02]} Qb3 {[%emt 0:00:01]} 22. a5 {[%emt 0:00:07]} Nb4 {[%emt 0:00:
06]} 23. Rcc1 {[%emt 0:00:10]} Bxc1 {[%emt 0:00:02]} 24. Rxc1 {[%emt 0:00:00]}
Nd5 {[%emt 0:00:35]} 25. f3 {[%emt 0:00:15]} exf3 {[%emt 0:00:20]} 26. Bxf3 {
[%emt 0:00:00]} Qb5 {[%emt 0:00:10]} 27. Re1 {[%emt 0:00:03]} Re8 {[%emt 0:00:
27]} 28. Qa2 {[%emt 0:00:04]} Kh8 {[%emt 0:00:16]} 29. Bh5 {[%emt 0:00:19]} Re7
{[%emt 0:00:06]} 30. Nh4 {[%emt 0:00:01]} Kh7 {[%emt 0:00:08]} 31. Ng6 {
[%emt 0:00:05]} Rec7 {[%emt 0:00:11]} 32. Ne5 {[%emt 0:00:31]} Kg8 {[%emt 0:00:
21]} 33. Ng6 {[%emt 0:00:30]} Kh7 {[%emt 0:00:08]} 34. Rxe6 {[%emt 0:00:50]}
Nf6 {[%emt 0:00:04]} 35. Be2 {[%emt 0:00:11]} Qd5 {[%emt 0:00:02]} 36. Qxd5 {
[%emt 0:00:06]} Nxd5 {[%emt 0:00:00]} 37. Bd3 {[%emt 0:00:06]} Rf7 {[%emt 0:00:
01]} 38. Ne5 {[%emt 0:00:12]} Rff8 {[%emt 0:00:01]} 39. Rd6 {[%emt 0:00:12]}
Ne3 {[%emt 0:00:07]} 40. Rd7 {[%emt 0:00:06]} Rb8 {[%emt 0:00:11]} 41. Rd6 {
[%emt 0:00:08]} Rbc8 {[%emt 0:00:13]} 42. Rb6 {[%emt 0:00:05]} Rc7 {[%emt 0:00:
01]} 43. Kf2 {[%emt 0:00:01]} Nd5 {[%emt 0:00:05]} 44. Rd6 {[%emt 0:00:01]} Ne7
{[%emt 0:00:02]} 45. Nd7 {[%emt 0:00:06]} Rf7 {[%emt 0:00:09]} 46. Nc5 {
[%emt 0:00:02]} Nc6 {[%emt 0:00:06]} 47. b4 {[%emt 0:00:08]} g6 {[%emt 0:00:01]
} 48. h4 {[%emt 0:00:11]} Ne7 {[%emt 0:00:07]} 49. Bc4 {[%emt 0:00:07]} Rg7 {
[%emt 0:00:06]} 50. Bb3 {[%emt 0:00:13]} Rc6 {[%emt 0:00:16]} 51. Rd7 {[%emt 0:
00:10]} Nc8 {[%emt 0:00:09]} 52. Rxg7+ {[%emt 0:00:03]} Kxg7 {[%emt 0:00:00]}
53. Bd5 {[%emt 0:00:01]} Rc7 {[%emt 0:00:05]} 54. Ne6+ {[%emt 0:00:00]} 1-0

[Event "Skilling Open CCT KO 2021"]
[Site "Online"]
[Date "2020.11.25"]
[Round "1.10"]
[White "Nepomniachtchi, Ian"]
[Black "Aronian, Levon"]
[Result "1-0"]
[WhiteElo "2778"]
[BlackElo "2778"]
[Annotator "RC"]
[PlyCount "63"]
[EventDate "2020.11.20"]
[EventType "k.o."]
[EventCountry "NET"]
[SourceTitle "playchess.com"]
[Source "ChessBase"]
[SourceQuality "1"]
[TimeControl "300+3"]

1. e4 {[%emt 0:00:00]} g6 {[%emt 0:00:00]} 2. d4 {[%emt 0:00:00]} Bg7 {[%emt 0:
00:00]} 3. Nc3 {[%emt 0:00:01]} a6 {[%emt 0:00:01]} 4. Nf3 {[%emt 0:00:11]} d6
{[%emt 0:00:06]} 5. Be2 {[%emt 0:00:03]} Nd7 {[%emt 0:00:09]} 6. O-O {[%emt 0:
00:02]} e6 {[%emt 0:00:00]} 7. Be3 {[%emt 0:00:05]} Ne7 {[%emt 0:00:07]} 8. Qd2
{[%emt 0:00:03]} h6 {[%emt 0:00:01]} 9. a4 {[%emt 0:00:06]} b6 {[%emt 0:00:02]}
10. Rfe1 {[%emt 0:00:01]} Bb7 {[%emt 0:00:02]} 11. h3 {[%emt 0:00:02]} Nf6 {
[%emt 0:00:13]} 12. Bd3 {[%emt 0:00:14]} g5 {[%emt 0:00:13]} 13. e5 {[%emt 0:
00:12]} Nd7 {[%emt 0:00:35]} 14. exd6 {[%emt 0:00:39]} cxd6 {[%emt 0:00:02]}
15. Ne4 {[%emt 0:00:11]} Qc7 {[%emt 0:00:27]} 16. Qc3 {[%emt 0:00:14]} Kd8 {
[%emt 0:00:27]} 17. Qa3 {[%emt 0:00:07]} Nf5 {[%emt 0:00:01]} 18. c4 {[%emt 0:
00:17]} Rg8 {[%emt 0:00:33]} 19. Rac1 {[%emt 0:00:04]} Bf8 {[%emt 0:00:01]} 20.
c5 {[%emt 0:01:09]} d5 {[%emt 0:00:35]} 21. Nexg5 {[%emt 0:00:03]} hxg5 {
[%emt 0:00:36]} 22. Bxf5 {[%emt 0:00:03]} bxc5 {[%emt 0:00:23]} 23. dxc5 {
[%emt 0:00:16]} a5 {[%emt 0:00:57]} 24. Bxg5+ {[%emt 0:00:36]} Kc8 {[%emt 0:00:
07]} 25. Qe3 {[%emt 0:00:02]} Ra6 {[%emt 0:00:09]} 26. Bf4 {[%emt 0:00:18]} d4
{[%emt 0:00:02]} 27. Qxd4 {[%emt 0:00:22]} Bxf3 {[%emt 0:00:01]} 28. Bxc7 {
[%emt 0:00:03]} Rxg2+ {[%emt 0:00:03]} 29. Kf1 {[%emt 0:00:01]} exf5 {[%emt 0:
00:08]} 30. Re8+ {[%emt 0:00:05]} Kb7 {[%emt 0:00:01]} 31. Qxd7 {[%emt 0:00:04]
} Rag6 {[%emt 0:00:06]} 32. Bb6+ {[%emt 0:00:09]} 1-0

[Event "Skilling Open CCT KO 2021"]
[Site "Online"]
[Date "2020.11.25"]
[Round "1.10"]
[White "So, Wesley"]
[Black "Radjabov, Teimour"]
[Result "1/2-1/2"]
[WhiteElo "2741"]
[BlackElo "2758"]
[Annotator "RC"]
[PlyCount "90"]
[EventDate "2020.11.20"]
[EventType "k.o."]
[EventCountry "NET"]
[SourceTitle "playchess.com"]
[Source "ChessBase"]
[SourceQuality "1"]
[TimeControl "300+3"]

1. e4 {[%emt 0:00:00]} c5 {[%emt 0:00:00]} 2. Nf3 {[%emt 0:00:00]} Nc6 {
[%emt 0:00:00]} 3. d4 {[%emt 0:00:07]} cxd4 {[%emt 0:00:00]} 4. Nxd4 {[%emt 0:
00:00]} e5 {[%emt 0:00:00]} 5. Nb5 {[%emt 0:00:01]} d6 {[%emt 0:00:00]} 6. N1c3
{[%emt 0:00:01]} a6 {[%emt 0:00:01]} 7. Na3 {[%emt 0:00:01]} b5 {[%emt 0:00:00]
} 8. Nd5 {[%emt 0:00:01]} Nf6 {[%emt 0:00:00]} 9. Bg5 {[%emt 0:00:07]} Be7 {
[%emt 0:00:01]} 10. Bxf6 {[%emt 0:00:02]} Bxf6 {[%emt 0:00:01]} 11. c3 {
[%emt 0:00:01]} Rb8 {[%emt 0:00:09]} 12. Nc2 {[%emt 0:00:01]} Bg5 {[%emt 0:00:
06]} 13. a3 {[%emt 0:00:04]} O-O {[%emt 0:00:02]} 14. h4 {[%emt 0:00:00]} Bh6 {
[%emt 0:00:01]} 15. g4 {[%emt 0:00:01]} f6 {[%emt 0:00:39]} 16. Be2 {[%emt 0:
00:27]} Ne7 {[%emt 0:00:26]} 17. Ncb4 {[%emt 0:00:19]} Bb7 {[%emt 0:00:01]} 18.
Qd3 {[%emt 0:00:11]} Kh8 {[%emt 0:00:10]} 19. Rd1 {[%emt 0:00:26]} Rc8 {
[%emt 0:00:22]} 20. Bf3 {[%emt 0:00:29]} Nxd5 {[%emt 0:00:16]} 21. Nxd5 {
[%emt 0:00:00]} Rc5 {[%emt 0:00:12]} 22. Ne3 {[%emt 0:00:01]} Bxe3 {[%emt 0:00:
10]} 23. Qxe3 {[%emt 0:00:01]} Rc4 {[%emt 0:00:13]} 24. b3 {[%emt 0:00:42]} Rc8
{[%emt 0:00:25]} 25. O-O {[%emt 0:00:09]} Qa5 {[%emt 0:00:08]} 26. b4 {[%emt 0:
00:24]} Qxa3 {[%emt 0:00:01]} 27. Rd3 {[%emt 0:00:01]} Rc6 {[%emt 0:00:14]} 28.
Rfd1 {[%emt 0:00:01]} h6 {[%emt 0:00:05]} 29. Bg2 {[%emt 0:00:03]} Qb3 {
[%emt 0:00:24]} 30. Rxd6 {[%emt 0:00:30]} Qxc3 {[%emt 0:00:21]} 31. Qxc3 {
[%emt 0:00:27]} Rxc3 {[%emt 0:00:02]} 32. g5 {[%emt 0:00:00]} hxg5 {[%emt 0:00:
13]} 33. hxg5 {[%emt 0:00:00]} Rc4 {[%emt 0:00:18]} 34. Rd8 {[%emt 0:00:11]}
Rc8 {[%emt 0:00:25]} 35. R8d7 {[%emt 0:00:12]} Bc6 {[%emt 0:00:04]} 36. Ra7 {
[%emt 0:00:02]} fxg5 {[%emt 0:00:07]} 37. Rxa6 {[%emt 0:00:02]} g4 {[%emt 0:00:
26]} 38. Rb6 {[%emt 0:00:22]} Be8 {[%emt 0:00:20]} 39. Rd2 {[%emt 0:00:11]}
Rc1+ {[%emt 0:00:16]} 40. Kh2 {[%emt 0:00:02]} Rc3 {[%emt 0:00:00]} 41. Rb8 {
[%emt 0:00:09]} Kh7 {[%emt 0:00:01]} 42. Kg1 {[%emt 0:00:15]} Rc1+ {[%emt 0:00:
02]} 43. Kh2 {[%emt 0:00:02]} Rc3 {[%emt 0:00:01]} 44. Kg1 {[%emt 0:00:14]}
Rc1+ {[%emt 0:00:09]} 45. Kh2 {[%emt 0:00:01]} Rc3 {[%emt 0:00:01]} 1/2-1/2